000 01492nam2a22003491 4500
001 v19\rc\1883463
005 20251118180332.5
035 _a(NLR Aleph) 004972379
090 _a6098337
_c6098337
100 _a20080221d1911 u y0rusy50 ca
101 1 _arus
_cpol
102 _aRU
105 _ac z |||a|
200 1 _a[Мужики
_eРоман
_fЕдинственный разреш. и одобр. авт. пер. с пол. Марии Троповской]
_hЧ. 3
_iВесна
210 _d1911
215 _a377 с., 1 л. фронт. (портр.)
461 0 _1001v19\rc\1883461
_12001#$a... Полное собрание сочинений$fВладислав Ст. Реймонт$vТ. 2
_1700#1$aРеймонт$bВ. С.$f1867-1925$gВладислав Станислав$3RU\NLR\AUTH\770209566
_96098317
_aРеймонт, В. С. (1867-1925)
_cМосква
_d1910-1912
_fВладислав Ст. Реймонт
_nСоврем. пробл.
_oТ. 1-7
_p7 т.
_tПолное собрание сочинений
_vТ. 2
540 1 _aМужики
702 1 _aТроповская
_bМ. Н.
_gМария Наумовна
_4730
801 0 _aRU
_bNLR
_gpsbo
801 0 _aRU
_bRuMoRGB
_2psbo
801 1 _aRU
_bProSoft-M
_2rusmarc
852 _aNLR
_j38.77.5.57(2)
852 _aNLR
_jЛ60 Б-3/84(2)
899 _aRuMoRGB
_jU 67/217
899 _aRuMoRGB
_jРб 10/2551
899 _aБАН
899 _aГПИБ
899 _aНБ МГУ
942 _cBOOK
980 _aNB